| 000 | 01161cam a22002894a 4500 | ||
|---|---|---|---|
| 999 |
_c7326 _d7326 |
||
| 001 | 13428183 | ||
| 003 | OSt | ||
| 005 | 20211004142823.0 | ||
| 008 | 031208s2004 ne a f 001 0 eng | ||
| 010 | _a 2003068632 | ||
| 020 | _a0750678151 | ||
| 040 |
_aDLC _cDDC _dDLC |
||
| 042 | _apcc | ||
| 050 | 0 | 0 |
_aTK7868.D5 _bD478 2004 |
| 082 | 0 | 0 | _a621.395DHI 2004 |
| 100 | 1 |
_aDhir, Amit; _95800 |
|
| 245 | 1 | 4 |
_aThe digital consumer technology handbook. _bA comprehensive guide to devices, standards, future directions, and programmable logic solutions. _cEdited by Dhir,Amit; |
| 260 |
_aAmsterdam ; _bNewnes, _c2004. |
||
| 300 |
_axvi,656p. _bill. _c24cm. |
||
| 504 | _aIncludes; Index. | ||
| 650 | 0 |
_aEngineering _9373 |
|
| 856 | 4 | 1 |
_3Table of contents _uhttp://www.loc.gov/catdir/toc/els051/2003068632.html |
| 856 | 4 | 2 |
_3Publisher description _uhttp://www.loc.gov/catdir/description/els051/2003068632.html |
| 906 |
_a7 _bvip _corignew _d1 _eocip _f20 _gy-gencatlg |
||
| 942 |
_2ddc _cO_SHELF |
||